=LDR 00000nam 2200000 4500 =001 INLIS000000000013825 =005 20251106102539 =035 ##$$a 0010-061300000013825 =008 251106###########################0#ind## =041 ##$$a Ind =082 ##$$a 371.1 =090 ##$$a 371.1, Arr b =100 ##$$a Arrahmi, Dian =245 1#$$a Belajar itu menyenangkan, /$c Dian Arrahmi, Rahma Hadi =260 ##$$a Jakarta :$b Elex Media Komputindo,$c 2002 =300 ##$$a 51 hlm, Ilus, 24 cm : $b ilus ; $c 19 x 22 cm =650 #4$$a Belajar =700 #$$a Hadi, Rahma =850 ##$$a NBPNMAT =020 ##$$a 979-20-2434-4 =084 ##$$a 371.1 ARR b =990 ##$$a 16521652 =990 ##$$a 10405668